<?xml version="1.0" encoding="UTF-8"?>
<record
    xmlns:xsi="http://www.w3.org/2001/XMLSchema-instance"
    xsi:schemaLocation="http://www.loc.gov/MARC21/slim http://www.loc.gov/standards/marcxml/schema/MARC21slim.xsd"
    xmlns="http://www.loc.gov/MARC21/slim">

  <leader>00498nam a2200169   4500</leader>
  <controlfield tag="003">SEACOMEC</controlfield>
  <controlfield tag="005">20240517132714.0</controlfield>
  <controlfield tag="008">240517b        |||||||| |||| 00| 0 eng d</controlfield>
  <datafield tag="020" ind1=" " ind2=" ">
    <subfield code="a"> 9788125931218</subfield>
    <subfield code="c">Rs.110.00</subfield>
  </datafield>
  <datafield tag="040" ind1=" " ind2=" ">
    <subfield code="a">SEACOMEC</subfield>
  </datafield>
  <datafield tag="082" ind1=" " ind2=" ">
    <subfield code="a">428.1</subfield>
    <subfield code="b">S774</subfield>
  </datafield>
  <datafield tag="100" ind1=" " ind2=" ">
    <subfield code="a"> Sreevalsan, M C</subfield>
  </datafield>
  <datafield tag="245" ind1="1" ind2=" ">
    <subfield code="a">Spoken English : Hands on guide to English conversation practice</subfield>
    <subfield code="c">M C Sreevalsan</subfield>
  </datafield>
  <datafield tag="260" ind1=" " ind2=" ">
    <subfield code="a">New Delhi</subfield>
    <subfield code="b"> Vikas Publishing</subfield>
    <subfield code="c">2006</subfield>
  </datafield>
  <datafield tag="650" ind1=" " ind2=" ">
    <subfield code="a"> English language variations</subfield>
  </datafield>
  <datafield tag="942" ind1=" " ind2=" ">
    <subfield code="c">BOOK</subfield>
  </datafield>
  <datafield tag="952" ind1=" " ind2=" ">
    <subfield code="0">0</subfield>
    <subfield code="1">0</subfield>
    <subfield code="2">ddc</subfield>
    <subfield code="4">0</subfield>
    <subfield code="7">0</subfield>
    <subfield code="a">SEACOMEC</subfield>
    <subfield code="b">SEACOMEC</subfield>
    <subfield code="d">2007-12-12</subfield>
    <subfield code="l">0</subfield>
    <subfield code="o">428.1 S774</subfield>
    <subfield code="p">8904</subfield>
    <subfield code="r">2024-05-17 13:27:35</subfield>
    <subfield code="w">2024-05-17</subfield>
    <subfield code="y">BOOK</subfield>
  </datafield>
  <datafield tag="952" ind1=" " ind2=" ">
    <subfield code="0">0</subfield>
    <subfield code="1">0</subfield>
    <subfield code="2">ddc</subfield>
    <subfield code="4">0</subfield>
    <subfield code="7">0</subfield>
    <subfield code="a">SEACOMEC</subfield>
    <subfield code="b">SEACOMEC</subfield>
    <subfield code="d">2007-12-12</subfield>
    <subfield code="l">0</subfield>
    <subfield code="o">428.1 S774</subfield>
    <subfield code="p">8905</subfield>
    <subfield code="r">2024-05-17 13:28:11</subfield>
    <subfield code="t">1</subfield>
    <subfield code="w">2024-05-17</subfield>
    <subfield code="y">BOOK</subfield>
  </datafield>
  <datafield tag="952" ind1=" " ind2=" ">
    <subfield code="0">0</subfield>
    <subfield code="1">0</subfield>
    <subfield code="2">ddc</subfield>
    <subfield code="4">0</subfield>
    <subfield code="7">0</subfield>
    <subfield code="a">SEACOMEC</subfield>
    <subfield code="b">SEACOMEC</subfield>
    <subfield code="d">2007-12-12</subfield>
    <subfield code="l">0</subfield>
    <subfield code="o">428.1 S774</subfield>
    <subfield code="p">8906</subfield>
    <subfield code="r">2024-05-17 13:28:11</subfield>
    <subfield code="t">2</subfield>
    <subfield code="w">2024-05-17</subfield>
    <subfield code="y">BOOK</subfield>
  </datafield>
  <datafield tag="952" ind1=" " ind2=" ">
    <subfield code="0">0</subfield>
    <subfield code="1">0</subfield>
    <subfield code="2">ddc</subfield>
    <subfield code="4">0</subfield>
    <subfield code="7">0</subfield>
    <subfield code="a">SEACOMEC</subfield>
    <subfield code="b">SEACOMEC</subfield>
    <subfield code="d">2007-12-12</subfield>
    <subfield code="l">0</subfield>
    <subfield code="o">428.1 S774</subfield>
    <subfield code="p">8907</subfield>
    <subfield code="r">2024-05-17 13:28:11</subfield>
    <subfield code="t">3</subfield>
    <subfield code="w">2024-05-17</subfield>
    <subfield code="y">BOOK</subfield>
  </datafield>
  <datafield tag="952" ind1=" " ind2=" ">
    <subfield code="0">0</subfield>
    <subfield code="1">0</subfield>
    <subfield code="2">ddc</subfield>
    <subfield code="4">0</subfield>
    <subfield code="7">0</subfield>
    <subfield code="a">SEACOMEC</subfield>
    <subfield code="b">SEACOMEC</subfield>
    <subfield code="d">2007-12-12</subfield>
    <subfield code="l">0</subfield>
    <subfield code="o">428.1 S774</subfield>
    <subfield code="p">8908</subfield>
    <subfield code="r">2024-05-17 13:28:11</subfield>
    <subfield code="t">4</subfield>
    <subfield code="w">2024-05-17</subfield>
    <subfield code="y">BOOK</subfield>
  </datafield>
  <datafield tag="999" ind1=" " ind2=" ">
    <subfield code="c">1142</subfield>
    <subfield code="d">1142</subfield>
  </datafield>
</record>
